| 000 | 00469nam a2200145 i 4500 | ||
|---|---|---|---|
| 001 | 3625 | ||
| 003 | ES-MaACL | ||
| 005 | 20230906144118.0 | ||
| 008 | 200204s1968 sp g |||| | spa d | ||
| 245 | 0 | 0 |
_aMiscelánea José Mª. Lacarra _b: estudios de historia medieval. |
| 260 |
_aZaragoza : _bUniversidad de Zaragoza, _c1968. |
||
| 300 |
_a87 p., [1] p. de lám. : _bil. ; _c24 cm. |
||
| 600 | 1 | 4 |
_aLacarra, José María ( _d1907-1987) _969329 |
| 852 |
_aES-MaACL _jP-1320-4 |
||
| 999 |
_c3625 _d3625 |
||